000 00625nam a2200265Ia 4500
005 20260324152708.0
008 008 260324s9999 xx 000 0 eng d
020 _a9780128053041
037 _aEBOOK
040 _aCRL
040 _beng
040 _cCRL
041 _2eng
041 _aeng
084 _qCRL
100 _aDwyer, Barry
_91229498
245 0 _aSystems Analysis and Synthesis
260 _bElsevier
260 _c2016
650 _aComputer Science
856 _uhttps://www.sciencedirect.com/science/book/9780128053041
942 _cEBOOK
999 _c1840296
_d1840296